00559nam a2200193 a 4500001001300000003000900013005001700022008004100039020002300080082001800103100002400121245006400145260004300209300000900252500003500261505002400296650002100320700002400341nice12345678IN_TiNIC20260116014101.0100806s2010 oxfa grp 000 0 eng  a9781851686636c45000a297.124bBRO1 aBrown, Jonathan A C aHadithb Muhammad`s Legacy in the Medieval and Modern World aOxford bOne World Publications c2010 a308p aincludes index and biblioraphy2 aBibliography, Index aHadith-Evidences1 aBrown, Jonathan A C